| 000 | 00984nam a2200265 a 4500 | ||
|---|---|---|---|
| 003 | CBULib | ||
| 005 | 20240417133930.0 | ||
| 008 | 151126s2015 ||||||||||||||||| || u | ||
| 040 |
_aCBULib _bEnglish _cCBULib _erda |
||
| 050 | _aUNCTAD(058)BCLP/2015 | ||
| 110 | _aUnited Nations Conference on Trade and Development (UNCTAD) | ||
| 245 | 1 | 0 |
_aBipartite voluntary peer review of competition law and policy _c/ by United Nations Conference on Trade and Development (UNCTAD) |
| 260 |
_aNew York : _bUnited Nations, _c2015 |
||
| 300 | _a90 pages : illustrations | ||
| 336 |
_2rdacontent _aText | _btxt |
||
| 337 |
_2rdamedia _aUnmediated | _bn |
||
| 338 |
_2rdacarrier _aVolume _bnc |
||
| 500 | _aBibliography | ||
| 650 | _aCOMPETITION LAW AND POLICY--FIJI | ||
| 650 | 0 | _aINTERNATIONAL ECONOMIC RELATIONS--HANDBOOKS, MANUALS, E.T.C | |
| 650 | 0 | _aCOMPETITION --GOVERNMENT POLICY -- SEYCHELLES | |
| 650 | _aTRADE POLICY--PAPUA NEW GUINEA | ||
| 650 | 0 | _aCOMMERCE | |
| 942 |
_2mc _c029 |
||
| 999 |
_c81152 _d81152 |
||